000 00371nam a2200157Ia 4500
008 210210b1893 xxu||||| |||| 00| 0 eng d
041 _aeng
082 _a821/719
100 _aWHITTIER (J G)
245 _aPoetical works
260 _aLondon
_bMacmillan & Co. Ltd.
_c1893
650 _aworks
650 _aPoetical
690 _aEnglish Literature
906 _a011887
999 _c130611
_d130611